Central Library and Information Centre
Sibsagar Girls' College, Sivasagar : Assam

CHANDRAKUMAR AGARWALAR PRATIBHA চন্দ্ৰকুমাৰ আগৰৱালাৰ প্ৰতিভা (Record no. 1185)

MARC details
000 -LEADER
fixed length control field 00435cam a2200145ua 4500
005 - DATE AND TIME OF LATEST TRANSACTION
control field 20231106144513.0
008 - FIXED-LENGTH DATA ELEMENTS--GENERAL INFORMATION
fixed length control field 120117n II |||gr||||Z||||||asm
040 ## - CATALOGING SOURCE
Original cataloging agency MAIN
Transcribing agency
082 ## - DEWEY DECIMAL CLASSIFICATION NUMBER
Classification number 920 SHA
100 ## - MAIN ENTRY--PERSONAL NAME
Personal name SHARMA, SHASI.
245 ## - TITLE STATEMENT
Title CHANDRAKUMAR AGARWALAR PRATIBHA চন্দ্ৰকুমাৰ আগৰৱালাৰ প্ৰতিভা
300 ## - PHYSICAL DESCRIPTION
Dimensions 20CM.
942 ## - ADDED ENTRY ELEMENTS (KOHA)
Koha item type Books
Source of classification or shelving scheme Dewey Decimal Classification
653 ## - INDEX TERM--UNCONTROLLED
Uncontrolled term Biography, genealogy & insignia
Holdings
Withdrawn status Lost status Damaged status Not for loan Collection code Home library Current library Shelving location Date acquired Full call number Barcode Date last seen Copy number Price effective from Koha item type
        General Reference Central Library and Information Centre Sibsagar Girls College Central Library and Information Centre Sibsagar Girls College Biography 07.04.1968 920 SHA 01305 27.02.2020 1 27.02.2020 Books


Sibsagar Girl's College © 2020. All rights reserved.
Powered by Koha.
Maintained by Abhijit Borpuzari.